Core concepts of accounting information systems / (Record no. 2882)

000 -LEADER
fixed length control field 01675cam a22003854a 4500
001 - CONTROL NUMBER
control field 13639938
003 - CONTROL NUMBER IDENTIFIER
control field OSt
005 - DATE AND TIME OF LATEST TRANSACTION
control field 20160823105107.0
008 - FIXED-LENGTH DATA ELEMENTS--GENERAL INFORMATION
fixed length control field 040629s2005 njua b 001 0 eng
010 ## - LIBRARY OF CONGRESS CONTROL NUMBER
LC control number 2004052450
020 ## - INTERNATIONAL STANDARD BOOK NUMBER
International Standard Book Number 0471655309 (pbk.)
040 ## - CATALOGING SOURCE
Original cataloging agency DLC
Transcribing agency DLC
Modifying agency DLC
042 ## - AUTHENTICATION CODE
Authentication code pcc
050 00 - LIBRARY OF CONGRESS CALL NUMBER
Classification number HF5679.M62 2005
082 00 - DEWEY DECIMAL CLASSIFICATION NUMBER
Classification number 657/.0285
Edition number 22
100 1# - MAIN ENTRY--PERSONAL NAME
Personal name Bagranoff, Nancy A.
245 10 - TITLE STATEMENT
Title Core concepts of accounting information systems /
Statement of responsibility, etc Nancy A. Bagranoff, Mark G. Simkin, Carolyn Strand Norman.
246 30 - VARYING FORM OF TITLE
Title proper/short title Accounting information systems
250 ## - EDITION STATEMENT
Edition statement 9th ed.
260 ## - PUBLICATION, DISTRIBUTION, ETC. (IMPRINT)
Place of publication, distribution, etc Hoboken, NJ :
Name of publisher, distributor, etc Wiley,
Date of publication, distribution, etc c2005.
300 ## - PHYSICAL DESCRIPTION
Extent xiii, 530 p. :
Other physical details ill. ;
Dimensions 26 cm.
500 ## - GENERAL NOTE
General note Rev. ed. of: Core concepts of accounting information systems / Stephen A. Moscove, Mark G. Simk;in, Nancy A. Bagranoff. 8th ed. c2003.
504 ## - BIBLIOGRAPHY, ETC. NOTE
Bibliography, etc Includes bibliographical references and index.
650 #0 - SUBJECT ADDED ENTRY--TOPICAL TERM
Topical term or geographic name as entry element Accounting
General subdivision Data processing.
650 #0 - SUBJECT ADDED ENTRY--TOPICAL TERM
Topical term or geographic name as entry element Information storage and retrieval systems
General subdivision Accounting.
700 1# - ADDED ENTRY--PERSONAL NAME
Personal name Simkin, Mark G.
700 1# - ADDED ENTRY--PERSONAL NAME
Personal name Norman, Carolyn Strand.
700 1# - ADDED ENTRY--PERSONAL NAME
Personal name Moscove, Stephen A.
Title of a work Core concepts of accounting information systems.
856 42 - ELECTRONIC LOCATION AND ACCESS
Materials specified Publisher description
Uniform Resource Identifier <a href="http://www.loc.gov/catdir/description/wiley042/2004052450.html">http://www.loc.gov/catdir/description/wiley042/2004052450.html</a>
856 41 - ELECTRONIC LOCATION AND ACCESS
Materials specified Table of contents only
Uniform Resource Identifier <a href="http://www.loc.gov/catdir/toc/wiley041/2004052450.html">http://www.loc.gov/catdir/toc/wiley041/2004052450.html</a>
856 42 - ELECTRONIC LOCATION AND ACCESS
Materials specified Contributor biographical information
Uniform Resource Identifier <a href="http://www.loc.gov/catdir/enhancements/fy0618/2004052450-b.html">http://www.loc.gov/catdir/enhancements/fy0618/2004052450-b.html</a>
906 ## - LOCAL DATA ELEMENT F, LDF (RLIN)
a 7
b cbc
c orignew
d 1
e ocip
f 20
g y-gencatlg
942 ## - ADDED ENTRY ELEMENTS (KOHA)
Source of classification or shelving scheme
Koha item type Book
Holdings
Withdrawn status Lost status Source of classification or shelving scheme Damaged status Not for loan Home library Current library Shelving location Date acquired Total Checkouts Full call number Barcode Date last seen Copy number Price effective from Koha item type
          Riara University Library Riara University Library General stack 23/08/2016   HF5679.M62 2005 8044/16 23/08/2016 C.1 23/08/2016 Book

Riara University Library,
P.O. Box 49940-00100,
Nairobi, Kenya.